| 000 | 00643nam a22001457a 4500 | ||
|---|---|---|---|
| 020 | _a978-0-345-48575-5 | ||
| 082 |
_a823 _bBER/S |
||
| 100 | _aBERRY, STEVE | ||
| 245 | _aTHE ALEXANDRIA LINK | ||
| 260 |
_aNEW YORK _bTHE BALLANTINE BOOKS _c2007 |
||
| 300 | _a462 | ||
| 520 | _aCotton Malone retired from the high-risk world of elite operatives for the U.S. State Department to lead the low-key life of a rare-book dealer. But his quiet existence is shattered when he receives an anonymous e-mail: "You have something I want. You're the only person on earth who knows where to find it ... | ||
| 650 |
_aENGLISH NOVEL _zUNITED STATES |
||
| 942 | _cBK | ||
| 999 |
_c2003 _d2003 |
||